000 00981nam a2200217 i 4500
001 93464
003 ES-MaACL
005 20230906181230.0
007 t|
008 050527s1886 sp ||||1| spa d
100 1 _aValenzuela, Francisco,
_cDoctor.
_9173502
245 1 0 _aInhalador de azoe del doctor Valenzuela (privilegio de invención) :
_bpara el tratamiento directo y radical de las enfermedades del aparato respiratorio y de otras, utilizado en el Hospital General de Madrid.
260 _aMadrid :
_b[s.n.],
_c1886 (
_fEst. Tip. de Juan Cayetano García)
300 _a16 p. :
_b1 il. ;
_c22 cm.
530 _aDisponible en formato digital.
599 _aIlustración: "Inhalador Valenzuela"
650 4 _aInhaladores.
_9152408
650 4 _aNitrógeno-
_xUso terapéutico.
_9152409
852 _aES-MaACL
_jT-463-F-4
856 _uhttp://bibliotecadigitalhispanica.bne.es:80/webclient/DeliveryManager?pid=1835373&custom_att_2=simple_viewer
_zBiblioteca Digital Hispánica
999 _c93464
_d93464